Statistics for Countries by Shape Quiz - 1

Click here to take the quiz!

General Stats

  • This quiz has been taken 26 times
  • The average score is 17 of 20

Answer Stats

Answer% Correct
Egypt
100%
Japan
100%
Mexico
100%
Brazil
96%
China
96%
India
96%
USA
96%
Indonesia
92%
Philippines
92%
Russia
92%
Thailand
92%
Vietnam
92%
Turkey
85%
Germany
81%
Iran
73%
Bangladesh
69%
Pakistan
69%
Democratic Republic of the Congo
65%
Ethiopia
58%
Nigeria
54%

Score Distribution

Percentile by Number Answered

Percent of People with Each Score

Your Score History

You have not taken this quiz